000 00755nam1a22002411i 4500
001 rc\3714001
005 20260406073839.0
021 _aRU
_b[74-77643]
021 _aRU
_b[74-77670]
035 _a(NLR Aleph) 007770108
090 _a7459129
_c7459129
100 _a20130115d1974 |||y0rusy50 ca
101 0 _arus
102 _aRU
105 _a z |||a|
200 1 _aИзбранные стихотворения и поэмы
_eВ 2 т.
_eТ. 1-2
210 _aМосква
_cХудож. лит.
_d1974
215 _a2 т.
_d20
700 1 _aСмирнов
_bС.В.
_f1913-1993
_cпоэт
_gСергей Васильевич
_3RU\NLR\AUTH\770139353
_9139318
801 0 _aRU
_bNLR
_gpsbo
801 1 _aRU
_bELAR
_2rusmarc
852 _aNLR
_j74-3/3563
942 _cBOOK